000 00570nam a2200181 4500
001 148126
003 ES-MaACL
005 20230906202439.0
007 t|
008 070214s1970 sp r ||||1| spa d
100 1 _aStafford, Peter.
_9107850
245 1 3 _aLa vida sexual en el mundo comunista /
_cPeter Stafford ; versión de José María Monasterio.
250 _a1ª. ed.
260 _aBarcelona :
_bLuis de Caralt,
_c1970.
300 _a336 p., 23 lám. :
_bil. ;
_c22 cm.
700 1 _aMonasterio, José María.
_982111
852 _aES-MaACL
_jC-44698
_bR.74118
999 _c148126
_d148126